000
00310nam a2200121 a 4500
005
20140414131857.0
008
100827s19uu xx 00 eng d
050
_a
FIL
_b
F48 2004
100
_a
Bellen, Christine
245
_a
Filemon mamon.
260
_a
Manila, Philippines :
_b
Adarna,
_c
2004.
999
_c
110506
_d
110506